| 000 -LEADER |
| fixed length control field |
00408nam a2200169Ia 4500 |
| 003 - CONTROL NUMBER IDENTIFIER |
| control field |
OSt |
| 005 - DATE AND TIME OF LATEST TRANSACTION |
| control field |
20220302192137.0 |
| 008 - FIXED-LENGTH DATA ELEMENTS--GENERAL INFORMATION |
| fixed length control field |
220112s9999||||xx |||||||||||||| ||und|| |
| 020 ## - INTERNATIONAL STANDARD BOOK NUMBER |
| International Standard Book Number |
9780471363835 |
| 082 ## - DEWEY DECIMAL CLASSIFICATION NUMBER |
| Classification number |
624.18341 |
| Item number |
MCC |
| 100 ## - MAIN ENTRY--PERSONAL NAME |
| Personal name |
McCormac, Jack C |
| 245 #0 - TITLE STATEMENT |
| Title |
Design of reinforced concrete |
| 260 ## - PUBLICATION, DISTRIBUTION, ETC. (IMPRINT) |
| Name of publisher, distributor, etc |
Wiley |
| 700 ## - ADDED ENTRY--PERSONAL NAME |
| Personal name |
Nelson, James K., 1952- |
| 700 ## - ADDED ENTRY--PERSONAL NAME |
| Personal name |
Brown, Russell H. |
| 942 ## - ADDED ENTRY ELEMENTS (KOHA) |
| Source of classification or shelving scheme |
|